000 00919nam a2200229 i 4500
001 34387
003 ES-MaACL
005 20250129092358.0
007 t|
008 030207s1949 sp af |||| |bspa d
080 _a929 Alba, María del Pilar Teresa Cayetana de Silva y Álvarez de Toledo, Duquesa de
100 1 _aBlanco Soler, C.,
_d1894-1962
_929295
245 1 3 _aLa Duquesa de Alba y su tiempo /
_cCarlos Blanco Soler, Piga Pascual, Pérez Petinto ; [prólogo del Duque de Alba].
250 _a1ª ed.
260 _aMadrid :
_b[s.n.],
_c1949 (
_fTall. Gráfs. Marisal)
300 _aXI, 211 p., 18 lám. :
_bil. ;
_c27 cm.
600 1 4 _aAlba, María del Pilar Teresa Cayetana de Silva y Álvarez de Toledo
_cDuquesa de.
_9162946
700 1 _aPiga y Pascual, Antonio.
_991988
700 1 _aPérez de Petinto y Bertomeu, Manuel.
_990803
852 _aES-MaACL
_jD-7067
999 _c34387
_d34387